000 00611cam a2200229 4500
008 090401t1995 xxu||||| |||| 00| 0 eng d
020 _a0419196900
035 _a(Sirsi) u24113
041 _aeng
050 _a692.2
100 _aStephenson, John
245 _aBuilding regulations explained 1995 revision.
250 _a5th ed.
260 _aLondon
_bE. & F.N. Spon
_c1995
300 _a508p. : ill. ; 30cm.
350 _a49.5
650 _aBUILDING CONTROL
_96222
650 _aBUILDING REGULATIONS
_96224
690 _aBUILDING AND CONSTRUCTION-REGULATIONS
942 _n0
948 _c04/03/1997
999 _c88499
_d88499